[Event "South African op"]
[Site "Cape Town"]
[Date "2022.07.10"]
[Round "4"]
[White "Braaf, Jiraan"]
[Black "Willenberg, Kenneth Sean"]
[Result "1/2-1/2"]
[WhiteElo "1618"]
[BlackElo "1935"]
[PlyCount "60"]
[EventDate "2022.07.09"]
[EventType "swiss"]
[EventRounds "11"]
[EventCountry "RSA"]
[SourceTitle "CBM 209 Extra"]
[Source "ChessBase"]
[SourceDate "2022.09.30"]
[SourceVersion "1"]
[SourceVersionDate "2022.09.30"]
[SourceQuality "1"]

1. e4 c5 2. Nf3 Nc6 3. d4 cxd4 4. Nxd4 Nf6 5. Nc3 e5 6. Ndb5 d6 7. Nd5 Nxd5 8. exd5 Nb8 9. c4 a6 10. Nc3 Be7 11. Be2 0-0 12. 0-0 f5 13. f4 Bf6 14. Kh1 Kh8 15. Be3 Nd7 16. Rc1 exf4 17. Bxf4 Be5 18. Bxe5 Nxe5 19. Qd4 b6 20. b4 Re8 21. Na4 Rb8 22. c5 bxc5 23. bxc5 dxc5 24. Nxc5 Qd6 25. Rfd1 Rd8 26. Nxa6 Bxa6 27. Bxa6 Ng4 28. g3 Qxa6 29. Rc7 Rg8 30. h3 Qh6 1/2-1/2

[Event "South African op"]
[Site "Cape Town"]
[Date "2022.07.09"]
[Round "1"]
[White "Samuels, Ethan"]
[Black "Braaf, Jiraan"]
[Result "1/2-1/2"]
[WhiteElo "1916"]
[BlackElo "1618"]
[PlyCount "50"]
[EventDate "2022.07.09"]
[EventType "swiss"]
[EventRounds "11"]
[EventCountry "RSA"]
[SourceTitle "CBM 209 Extra"]
[Source "ChessBase"]
[SourceDate "2022.09.30"]
[SourceVersion "1"]
[SourceVersionDate "2022.09.30"]
[SourceQuality "1"]

1. d4 Nf6 2. Bf4 g6 3. Nc3 Bg7 4. e4 0-0 5. Qd2 c5 6. Nf3 cxd4 7. Nxd4 d6 8. Bh6 a6 9. 0-0-0 b5 10. Bxg7 Kxg7 11. e5 Ng4 12. f4 Qa5 13. exd6 exd6 14. h3 Nf6 15. Nb3 Qb6 16. Qxd6 Qxd6 17. Rxd6 b4 18. Na4 Bb7 19. Na5 Be4 20. Rg1 Nbd7 21. Bd3 Rfe8 22. g4 Bxd3 23. Rxd3 Nf8 24. Nc6 Rac8 25. Ne5 Ne6 1/2-1/2